| 000 | 00475nam a2200181Ia 4500 | ||
|---|---|---|---|
| 003 | GCL | ||
| 008 | 140319s9999 xx 000 0 eng d | ||
| 040 |
_aGCL / _cGCL |
||
| 082 | 0 | 4 |
_a005.13 _bHC |
| 100 | 1 | _aHALL, JACLA | |
| 245 | 1 | 0 |
_aCAES AND APPLEICTIONS IN LOTUS 1-2-3 / _cHALL, JACLA |
| 700 | 1 | _aKATTAS, JOHN F | |
| 260 |
_a[S.N] : _bIRWIN ، _c1995 |
||
| 300 | _a355 | ||
| 650 | 0 | 4 | _aLOTUS 1-2-3 (COMPUTER FILE) |
| 650 | 0 | 4 | _aCOMPUTER - PROPGRAMME |
| 942 |
_2ddc _cBK |
||
| 999 |
_c11593 _d11593 |
||